APPLIED PSYCHOLOGY FOR BSC NURSING STUDENTS I SEMISTER (Record no. 362153)

MARC details
000 -LEADER
fixed length control field 00536nam a22001937a 4500
005 - DATE AND TIME OF LATEST TRANSACTION
control field 20241111121717.0
008 - FIXED-LENGTH DATA ELEMENTS--GENERAL INFORMATION
fixed length control field 241111b |||||||| |||| 00| 0 eng d
020 ## - INTERNATIONAL STANDARD BOOK NUMBER
International Standard Book Number 9789392019142
041 ## - LANGUAGE CODE
Language code of text/sound track or separate title Eng.
082 ## - DEWEY DECIMAL CLASSIFICATION NUMBER
Classification number 158/Gir
100 ## - MAIN ENTRY--PERSONAL NAME
Author Sakuntala Giri
110 ## - MAIN ENTRY--CORPORATE NAME
Corporate name or jurisdiction name as entry element Ranjita Jena
245 ## - TITLE STATEMENT
Title APPLIED PSYCHOLOGY FOR BSC NURSING STUDENTS I SEMISTER
250 ## - EDITION STATEMENT
Edition statement 1 ed.
260 ## - PUBLICATION, DISTRIBUTION, ETC.
Place of publication, distribution, etc. Jaipur(Rajasthan)
Name of publisher, distributor, etc. Bookera Publishers & Distributors
Date of publication, distribution, etc. 2024
300 ## - PHYSICAL DESCRIPTION
Extent 236 P.
651 ## - SUBJECT ADDED ENTRY--GEOGRAPHIC NAME
Geographic name Psychology
942 ## - ADDED ENTRY ELEMENTS (KOHA)
Koha item type Donated Book

No items available.